ESSAYS in toxicology /
Guardado en:
| Otros Autores: | |
|---|---|
| Formato: | Libro |
| Idioma: | English |
| Publicado: |
New York :
Academic press,
1972.
|
| Materias: | |
| Etiquetas: |
Agregar Etiqueta
Sin Etiquetas, Sea el primero en etiquetar este registro!
|
| LEADER | 00485nam a22001575a 4500 | ||
|---|---|---|---|
| 001 | EUN.um031749 | ||
| 003 | AR-BaUNS | ||
| 005 | 20050623122906.0 | ||
| 008 | 041125s1972####xxua##########000#0#eng#d | ||
| 245 | 0 | 0 | |a ESSAYS in toxicology / |c Wayland J. Hayes. |
| 260 | |a New York : |b Academic press, |c 1972. | ||
| 300 | |a 3 v. : |b ilus. ; |c 22,5 cm. | ||
| 700 | 1 | |a Hayes, Wayland J. |e edición. | |
| 082 | 0 | 4 | |a 615.9 |
| 653 | |a Essays toxicology | ||
| 859 | |a Ar-BaUNS |b BIB. CENTRAL - Sector C |h 615.9 |i Es73 |p 70989/974 |v v.3 | ||
